Otros Autores:
23912
MARC
| LEADER | 00000nam a2200000Ia 4500 | ||
|---|---|---|---|
| 001 | FU-62-83 | ||
| 008 | 160829s9999 xx 000 0 cat d | ||
| 008 | 160829s9999 xx 000 0 cat d | ||
| 020 | |a I. Parc Comarcal d'Olèrdola (Catalunya) |x Guies II. Parc del Garraf (Catalunya) |x Guies III. Parc del Foix (Catalunya) |x Guies | ||
| 260 | |a 1 f. plegat en 4 parts : |b il. col., fot. ; 44 x 44 cm plegat a 21 x 11 cm | ||
| 362 | |a Barcelona : Diputació de Barcelona. Àrea de Sostenibilitat. Gerència de Serveis d'Espais Naturals, 2013 | ||
| 610 | 1 | 0 | |a Barcelona (Catalunya : Província). |b Gerència de Serveis d’Espais Naturals |9 52730 |
| 650 | |a Xarxa de Parcs Naturals | ||
| 700 | |a 23912 |9 49287 | ||
| 856 | |u 16/06/2014 | ||
| 866 | |a Text en castellà. Hi ha un altre exemplar en italià amb R. 23907 i en francès amb R. 23908, en anglès amb R. 23977 i en català amb R. 23978 | ||
| 901 | |a Arxiu | ||
| 942 | |n 1 | ||
| 952 | |0 0 |1 0 |4 0 |7 1 |9 55247 |a Arxiu |b Arxiu |d 2016-12-01 |l 0 |p FU-62-83 |r 2016-12-01 00:00:00 |w 2016-12-01 |y ARXIU | ||
| 999 | |c 59120 |d 59120 | ||